Proximity violence in migration times : a focus in some regions of Italy, France and Spain

Other Authors: Bartholini, Ignazia
Subjects:
Online Access: http://library.unisel.edu.my/web/guest/mylibrary
LEADER 00852cam a2200229 7i4500
001 0000061078
005 20210922090000.0
020 |a 9788891798008 (electronic book)  
090 0 0 |a HG3982   |b .P76 2019 
245 0 0 |a Proximity violence in migration times :   |b a focus in some regions of Italy, France and Spain   |c edited by Ignazia Bartholini. 
264 |a Milano:   |b Franco Angeli,   |c 2019. 
300 |a 1 online resource (222 pages):   |b text file, PDF. 
336 |a text  |2 rdacontent 
337 |a computer  |2 rdamedia 
338 |a online resource  |2 rdacarrier 
650 0 |a Emigrant remittances  
655 0 |a Electronic books 
700 1 |a Bartholini, Ignazia  
856 4 2 |u http://library.unisel.edu.my/web/guest/mylibrary 
997 |a Centre for Graduate Studies 
998 |a Political Science, Master 
999 |a EBO0007307  |b EBOOK  |c EBOOK  |e Electronic resources